| 000 | 00348 a2200109 4500 | ||
|---|---|---|---|
| 001 | ART_46181 | ||
| 005 | 20260410162053.0 | ||
| 008 | 260409a | ||
| 245 | 1 | 0 | _aDilemas de la regulación pública en el sector tabacalero de Argentina y Brasil |
| 100 | 1 | _aGarcía, Ariel | |
| 773 | 0 |
_tPampa _g- Año 6, Nº 6 (nov. 2010) _wREV46129 |
|
| 999 |
_c36034 _d36034 |
||